Normal view
MARC view
- FUZZY CONTROL ADAPTIVE CONTROL SYSTEM
Entry Topical Term
001 - CONTROL NUMBER
- control field: 66862
003 - CONTROL NUMBER IDENTIFIER
- control field: NUST
005 - DATE AND TIME OF LATEST TRANSACTION
- control field: 20210628203704.0
008 - FIXED-LENGTH DATA ELEMENTS
- fixed length control field: 210628|| aca||aabn | a|a d
040 ## - CATALOGING SOURCE
- Original cataloging agency: NUST
- Transcribing agency: NUST
150 ## - HEADING--TOPICAL TERM
- Topical term or geographic name entry element: FUZZY CONTROL ADAPTIVE CONTROL SYSTEM
670 ## - SOURCE DATA FOUND
- Source citation: Work cat.: (NUST): Wang, Li-Xin 66861, Adaptive fuzzy systems and control , design and stability analysis, 1994
